| 000 | 00897nam a22002537a 4500 | ||
|---|---|---|---|
| 003 | URS | ||
| 005 | 20240712184857.0 | ||
| 008 | 240522t2022 ph ||||| |||| 00| 0 eng d | ||
| 020 | _a9789712398803 | ||
| 040 |
_aDLC _beng _cDLC _dDLC _dURS _erda |
||
| 082 |
_a499.28803 _bD3439 2022 |
||
| 100 |
_aDe Laza, Crizel Sicat. _4author |
||
| 245 |
_aPagbasa at pagsusuri ng iba't ibang teksto tungo sa pananaliksik/ _cCrizel Sicat-De Laza and Aurora E. Batnag. |
||
| 250 | _aIkatlong Edisyon | ||
| 264 |
_aManila, Philippines: _bRex Book Store, Inc., _c[2022] |
||
| 300 |
_avi, 270 pages; _c25 cm. _billustrations, |
||
| 336 |
_2rdacontent _atext _btxt |
||
| 337 |
_2rdamedia _aunmediated _bn |
||
| 338 |
_2rdacarrier _avolume _bnc |
||
| 504 | _aIncludes index. | ||
| 650 | _aPagbasa at Pagsusuri ng Iba't Ibang Teksto Tungo sa Pananaliksik: | ||
| 700 |
_aBatnag, Aurora E. _4coordinator |
||
| 942 |
_2ddc _cF |
||
| 999 |
_c79919 _d79918 |
||